Statistics for Subdivision capitals closest to Bor (RS)

Click here to take the quiz!

General Stats

  • This quiz has been taken 3 times
  • The average score is 7 of 20

Answer Stats

Distance (km)Answer% Correct
685Niš
100%
13120Kraljevo
67%
17141Čačak
33%
15138Craiova
33%
476Drobeta-Turnu Severin
33%
368Jagodina
33%
895Kragujevac
33%
583Kruševac
33%
14120Leskovac
33%
12117Montana
33%
19146Pančevo
33%
10109Pirot
33%
795Požarevac
33%
9102Prokuplje
33%
16140Reșița
33%
11114Smederevo
33%
263Vidin
33%
20152Vraca
33%
124Zaječar
33%
18142Târgu Jiu
0%

Score Distribution

Percentile by Number Answered

Percent of People with Each Score

Your Score History

You have not taken this quiz